Online Catalogue and eLibrary

Nationalism and Sexualities (Record no. 1677)

MARC details
000 -LEADER
fixed length control field 00604nam a2200253Ia 4500
005 - DATE AND TIME OF LATEST TRANSACTION
control field 20250203055739.0
008 - FIXED-LENGTH DATA ELEMENTS--GENERAL INFORMATION
fixed length control field 240331s9999 xx 000 0 und d
020 ## - INTERNATIONAL STANDARD BOOK NUMBER
ISBN 0415904331
082 ## - DDC Classification
Item Number - Author Mark PAR
DDC Edition Number 2216
Class No. 305.4
245 #0 - TITLE STATEMENT
Title Nationalism and Sexualities
260 ## - PUBLICATION, DISTRIBUTION, ETC.
Place of publication, distribution, etc. New York;
-- London
Name of publisher, distributor, etc. Routledge
Date of publication, distribution, etc. 1992
300 ## - PHYSICAL DESCRIPTION
Extent (e.g. Volumes, Pages etc.) xi, 451 p.,
650 ## - SUBJECT ADDED ENTRY--TOPICAL TERM
Topical term or geographic name entry element Sexuality
650 ## - SUBJECT ADDED ENTRY--TOPICAL TERM
Topical term or geographic name entry element Women
650 ## - SUBJECT ADDED ENTRY--TOPICAL TERM
Topical term or geographic name entry element Nationalism
650 ## - SUBJECT ADDED ENTRY--TOPICAL TERM
Topical term or geographic name entry element Feminism
650 ## - SUBJECT ADDED ENTRY--TOPICAL TERM
Topical term or geographic name entry element Gender
650 ## - SUBJECT ADDED ENTRY--TOPICAL TERM
Topical term or geographic name entry element Race
700 ## - ADDED ENTRY--PERSONAL NAME
Personal name Parker, A
Relator term (Role) Editor
700 ## - ADDED ENTRY--PERSONAL NAME
Personal name Russo, M
Relator term (Role) Editor
700 ## - ADDED ENTRY--PERSONAL NAME
Personal name Sommer, D
Relator term (Role) Editor
700 ## - ADDED ENTRY--PERSONAL NAME
Personal name Yaeger, P
Relator term (Role) Editor
942 ## - Koha item type (Biblio)
Koha item type Books in Stacks (Lending)
Holdings
Lost status Damaged status Collection code Home library Current library Shelving location Date acquired Full call number Accession Number Item type
    Lending WERC Library WERC Library Social Science Cupboard 03/31/2024 305.4 NAT 2216 Books in Stacks (Lending)

© WERC Library